ბათუმის შოთა რუსთაველის სახელმწიფო უნივერსიტეტის ბიბლიოთეკა

Общая теория государства и права (ბიბ.ჩანაწერი № 36126)

000 -LEADER
fixed length control field 00658nam a2200229Ia 4500
001 - CONTROL NUMBER
control field 2026
003 - CONTROL NUMBER IDENTIFIER
control field GE_BSU
008 - FIXED-LENGTH DATA ELEMENTS--GENERAL INFORMATION
fixed length control field 181216s||||||||xx |||||||||||||| ||und||
020 ## - INTERNATIONAL STANDARD BOOK NUMBER
International Standard Book Number 9789854415543
040 ## - CATALOGING SOURCE
Transcribing agency GE_BSU
080 ## - UNIVERSAL DECIMAL CLASSIFICATION NUMBER
Universal Decimal Classification number 340.1(075.8)
100 ## - MAIN ENTRY--PERSONAL NAME
Personal name Дмитрук,В.Н. Круглов,В.А.
245 ## - TITLE STATEMENT
Title Общая теория государства и права
245 ## - TITLE STATEMENT
Remainder of title Краткое изложение курса
260 ## - PUBLICATION, DISTRIBUTION, ETC.
Place of publication, distribution, etc. Минск
260 ## - PUBLICATION, DISTRIBUTION, ETC.
Name of publisher, distributor, etc. Амальфея
260 ## - PUBLICATION, DISTRIBUTION, ETC.
Date of publication, distribution, etc. 2007
300 ## - PHYSICAL DESCRIPTION
Extent 194стр. 19см.
653 ## - INDEX TERM--UNCONTROLLED
Uncontrolled term Общая теория государства и права
942 ## - ADDED ENTRY ELEMENTS (KOHA)
Koha item type წიგნი
ეგზემპლარები
Withdrawn status Lost status Damaged status Not for loan Date acquired Barcode Date last seen Price effective from Koha item type
        2018-12-17 3817 2018-12-17 2018-12-17 წიგნი